00000000nam##2200000za#4500
0019.534709
003CaOODSP
00520200401011531
007ta
008150406|2000||||xxc|||||     f|0| 0 fre|d
020 |a0-662-65398-X
022 |a0825-4559
040 |aCaOODSP|bfre
041 |aeng
041 |afre
043 |an-cn---
0861 |aA54-9/29
1101 |aCanada. |bAgriculture et agroalimentaire Canada. |bDirection générale de la recherche.
24514|aUne analyse des incidences environnementales de l'insecticide microbien Bacillus thuringiensis / |cpar Kwang-Bo Joung et Jean-Charles Côté.
260 |aSaint-Jean-sur-Richelieu - Québec : |bAgriculture et Agroalimentaire Canada. |c2000.
300 |aTexte français, 17p. : |bréférences, tableaux ; |c28 cm.
4901 |aBulletin technique|x0825-4559|v29
500 |a«Le présent document examine d'un point de vue écologique, économique et social les incidences environnementales de l'utilisation des formulations commerciales courantes de Bt à titre d'agents microbiens de lutte contre les insectes ravageurs.»--Résumé.
5203 |aLe présent document examine d'un point de vue écologique, économique et social les incidences environnementales de l'utilisation des formulations commerciales courantes de Bt à titre d'agents microbiens de lutte contre les insectes ravageurs.--Résumé
546 |aBilingue
563 |aReliure à anneaux
590 |a01-20|b2001-05-18
69107|aInsecticide|2gcpds
69107|aImpact sur l'environnement|2gcpds
69107|aPesticide|2gcpds
69107|aÉcologie|2gcpds
7201 |aJoung, Kwang-Bo
7201 |aCôté, Jean-Charles
7760#|tUne analyse des incidences environnementales de l'insecticide microbien Bacillus thuringiensis |w(CaOODSP)9.590783
7760#|tA review of the environmental impacts of the microbial insecticide Bacillus thuringiensis |w(CaOODSP)9.557530
791 |tA review of environmental impacts of the microbial insecticide Bacillus thuringiensis / |eeng|w(CaOODSP)9.534708
830#0|aBulletin technique,|x0825-4559|v29|w(CaOODSP)9.508927